BTEC Introduction Business/ (Record no. 9482)

MARC details
000 -LEADER
fixed length control field 00523nam a22001937a 4500
003 - CONTROL NUMBER IDENTIFIER
control field OSt
005 - DATE AND TIME OF LATEST TRANSACTION
control field 20241118204503.0
008 - FIXED-LENGTH DATA ELEMENTS--GENERAL INFORMATION
fixed length control field 241118b |||||||| |||| 00| 0 eng d
020 ## - INTERNATIONAL STANDARD BOOK NUMBER
International Standard Book Number 9780435401214
040 ## - CATALOGING SOURCE
Original cataloging agency DDC
Transcribing agency MUST
082 ## - DEWEY DECIMAL CLASSIFICATION NUMBER
Classification number 650 SEL 2005.
100 ## - MAIN ENTRY--PERSONAL NAME
Personal name Seliet Hala.
9 (RLIN) 19336
245 ## - TITLE STATEMENT
Title BTEC Introduction Business/
Statement of responsibility, etc. Seliet Hala.
260 ## - PUBLICATION, DISTRIBUTION, ETC. (IMPRINT)
Place of publication, distribution, etc. England,:
Name of publisher, distributor, etc. Heinemann,
Date of publication, distribution, etc. 2005.
300 ## - PHYSICAL DESCRIPTION
Extent vi,282p.:
Other physical details ill.,
Dimensions 26.4cm.
504 ## - BIBLIOGRAPHY, ETC. NOTE
Bibliography, etc includes Indexes
650 ## - SUBJECT ADDED ENTRY--TOPICAL TERM
Topical term or geographic name as entry element Business Management
9 (RLIN) 6027
942 ## - ADDED ENTRY ELEMENTS (KOHA)
Source of classification or shelving scheme Dewey Decimal Classification
Koha item type Open Shelf
Holdings
Withdrawn status Lost status Source of classification or shelving scheme Damaged status Not for loan Home library Current library Source of acquisition Inventory number Total Checkouts Full call number Barcode Date last seen Koha item type
    Dewey Decimal Classification     MUST Main Library MUST Main Library Donation 14/37494   650 SEL 2005. 2024-22561 18/11/2024 Open Shelf
    Dewey Decimal Classification     MUST Main Library MUST Main Library Donation 14/37495   650 SEL 2005. 2024-22562 18/11/2024 Open Shelf
    Dewey Decimal Classification     MUST Main Library MUST Main Library Donation 14/37490   650 SEL 2005. 2024-22563 18/11/2024 Open Shelf
    Dewey Decimal Classification     MUST Main Library MUST Main Library Donation 14/37493   650 SEL 2005. 2024-22564 18/11/2024 Open Shelf